000 00574nam a2200181Ia 4500
999 _c14918
_d14918
003 OSt
005 20201019100036.0
008 190216s9999||||xx |||||||||||||| ||und||
020 _a9788132117964
040 _coclc
082 _a304.09540904
_bGUL/S
100 _aGulati, Leela
_95857
245 0 _aA Space Of Her Own Personal Narratives Of Twelve Women /
_cLeela Gulati ; Jesodhara Bagchi
260 _bSage Publications,
_c2014.
_aNew Delhi:
300 _a275p
650 _aMemory
942 _cBK
_2ddc
_h304.09540904
_iGUL/S
_k304.09540904
_mGUL/S